01244 2200589 4500001002100000008004100021035002000062245003800082100001900120250000600139260003000145300001200175084001400187082000800201650001300209990001200222990001200234990001200246990001200258990001200270990001200282990001200294990001200306990001200318990001200330990001200342990001200354990001200366990001200378990001200390990001200402990001200414990001200426990001200438990001200450990001200462990001200474990001200486990001200498990001200510990001200522990001200534990001200546990001200558990001200570990001200582990001200594990001200606990001200618990001200630990001200642INLIS000000000000769 ind  a0010-0524000004 aX-Press UN EkonomicTim Progresif aProgresif, Tim a1 aJakarta :bErlanggac2019 a244 hlm a330 TIM e a330 aNonFiksi a0740188 a0740189 a0740190 a0740191 a0740192 a0740193 a0740194 a0740195 a0740196 a0740197 a0740198 a0740199 a0740200 a0740201 a0740202 a0740203 a0740204 a0740205 a0740206 a0740207 a0740208 a0740209 a0740210 a0740211 a0740212 a0740213 a0740214 a0740215 a0740216 a0740217 a0740218 a0740219 a0740220 a0740221 a0740222 a0740223